MARC details
| 000 -LEADER |
| fixed length control field |
01396nam a2200421 a 4500 |
| 001 - CONTROL NUMBER |
| control field |
vtls000050012 |
| 003 - CONTROL NUMBER IDENTIFIER |
| control field |
NLI |
| 005 - DATE AND TIME OF LATEST TRANSACTION |
| control field |
20210601190146.0 |
| 008 - FIXED-LENGTH DATA ELEMENTS--GENERAL INFORMATION |
| fixed length control field |
101125s1970 ii f000 0 eng |
| 020 ## - INTERNATIONAL STANDARD BOOK NUMBER |
| International Standard Book Number |
Rs. 5.00 |
| 039 #9 - LEVEL OF BIBLIOGRAPHIC CONTROL AND CODING DETAIL [OBSOLETE] |
| -- |
201011250453 |
| -- |
VLOAD |
| 040 0# - CATALOGING SOURCE |
| Original cataloging agency |
NLI |
| Language of cataloging |
eng |
| Transcribing agency |
VERGIS-2003 |
| 041 0# - LANGUAGE CODE |
| Language code of text/sound track or separate title |
eng |
| 044 ## - COUNTRY OF PUBLISHING/PRODUCING ENTITY CODE |
| MARC country code |
ii |
| 082 04 - DEWEY DECIMAL CLASSIFICATION NUMBER |
| Classification number |
312 |
| 110 1# - MAIN ENTRY--CORPORATE NAME |
| Corporate name or jurisdiction name as entry element |
Bihar |
| Subordinate unit |
Office of the Registrar General |
| 9 (RLIN) |
128127 |
| 240 10 - UNIFORM TITLE |
| Uniform title |
[Census of India, 1961] |
| 245 10 - TITLE STATEMENT |
| Title |
Special migration tables on Dhanbad - Jharia - Sindri town - group, pt.10 (i): |
| Remainder of title |
vol.4, Bihar/ |
| Statement of responsibility, etc. |
Office of the Registrar General, Govt of Bihar |
| 260 ## - PUBLICATION, DISTRIBUTION, ETC. |
| Place of publication, distribution, etc. |
India: |
| Name of publisher, distributor, etc. |
The Manager of Publications, |
| Date of publication, distribution, etc. |
1970 |
| 300 ## - PHYSICAL DESCRIPTION |
| Extent |
v, 284p.; |
| Dimensions |
28 cm. |
| 500 ## - GENERAL NOTE |
| General note |
Library has 2 Cops. |
| 500 ## - GENERAL NOTE |
| General note |
At head of title Census of India, 1961 |
| 546 ## - LANGUAGE NOTE |
| Language note |
eng |
| 650 #0 - SUBJECT ADDED ENTRY--TOPICAL TERM |
| Topical term or geographic name entry element |
Demography |
| Geographic subdivision |
India |
| -- |
Bihar |
| 650 #0 - SUBJECT ADDED ENTRY--TOPICAL TERM |
| Topical term or geographic name entry element |
Rural population |
| Geographic subdivision |
India |
| -- |
Bihar |
| 650 #0 - SUBJECT ADDED ENTRY--TOPICAL TERM |
| Topical term or geographic name entry element |
City dwellers |
| Geographic subdivision |
India |
| -- |
Bihar |
| 651 #0 - SUBJECT ADDED ENTRY--GEOGRAPHIC NAME |
| Geographic name |
Bihar(India) |
| General subdivision |
Census |
| Chronological subdivision |
1961 |
| 9 (RLIN) |
129189 |
| 651 #0 - SUBJECT ADDED ENTRY--GEOGRAPHIC NAME |
| Geographic name |
Bihar(India) |
| General subdivision |
Population |
| -- |
Statistics |
| Chronological subdivision |
1961 |
| 9 (RLIN) |
129190 |
| 887 ## - NON-MARC INFORMATION FIELD |
| Content of non-MARC field |
|
| 901 ## - LOCAL DATA ELEMENT A, LDA (RLIN) |
| a |
I.O.D.83032 |
| b |
24/5/77 (1961) v.4 pt.10 (i) |
| 901 ## - LOCAL DATA ELEMENT A, LDA (RLIN) |
| a |
I.O.D.61083 |
| b |
23/4/71 (1961) v.4 pt.10(i) Cop.2 |
| 902 ## - LOCAL DATA ELEMENT B, LDB (RLIN) |
| a |
G.P. 312 (54) In 2 |
| 906 ## - LOCAL DATA ELEMENT F, LDF (RLIN) |
| a |
2145 |
| 906 ## - LOCAL DATA ELEMENT F, LDF (RLIN) |
| a |
2146 |
| 942 ## - ADDED ENTRY ELEMENTS (KOHA) |
| Source of classification or shelving scheme |
Dewey Decimal Classification |
| Koha item type |
Books |